000 00503nam a2200145Ia 4500
008 140724s9999 xx 000 0 und d
050 _aP 201
_b.B715 2009
100 _aBoniogon, Melanie E.
245 2 _aA comparative study of two animated films :
_bIbong Adarna and Urduja /
_cMelanie E. Boniogon.
260 _aLas PiƱas, Philippines :
_bSouthville International School and Colleges,
_cc2009.
300 _a89 p. :
_bill. ;
_c28 cm.
521 _aMass Communication
942 _cTH
999 _c228858
_d228858